[Event "13. Festival Ciudad de Lorca 2024 - A"]
[White "Mitul, K H"]
[Black "Tonndorf, Matthias"]
[Site "Lorca ESP"]
[Round "7.8"]
[Result "0-1"]
[Date "2024.12.29"]
[WhiteElo "1834"]
[BlackElo "2138"]
[PlyCount "89"]
[GameId "2129543239999701"]
[EventDate "2024.12.26"]
[EventCountry "ESP"]
[SourceTitle "Ajedrez en Madrid"]
[Source "lmi"]
[SourceDate "2024.12.26"]
[SourceVersion "1"]
[SourceVersionDate "2025.01.11"]
[SourceQuality "1"]

1. e4 c5 2. Nf3 e6 3. d4 cxd4 4. Nxd4 a6 5. Nc3 Qc7 6. Bd3 Nc6 7. Nxc6 dxc6 8. Qf3 Nf6 9. Qg3 Qxg3 10. hxg3 e5 11. Bg5 Be6 12. Nd1 Nd7 13. c3 Nc5 14. Bc2 f6 15. Be3 O-O-O 16. f3 Nd3+ 17. Bxd3 Rxd3 18. Ke2 Rd7 19. b3 b5 20. Nf2 c5 21. Rhd1 Be7 22. Rxd7 Kxd7 23. Kd2 Rb8 24. Kc2 a5 25. a3 a4 26. b4 cxb4 27. cxb4 Rc8+ 28. Kb2 Bb3 29. Rc1 Rxc1 30. Bxc1 Bd8 31. Nd3 Bb6 32. Nc5+ Bxc5 33. bxc5 Kc6 34. Kc3 Bc4 35. Be3 Bf1 36. Kd2 Bxg2 37. Ke2 h5 38. Kf2 Bh1 39. Ke2 g5 40. Bg1 b4 41. Be3 bxa3 42. Bc1 a2 43. Bb2 Kxc5 44. f4 exf4 45. gxf4 0-1

[Event "13. Festival Ciudad de Lorca 2024 - A"]
[White "Sabuk, Piotr"]
[Black "Bartakke, Aditya"]
[Site "Lorca ESP"]
[Round "7.9"]
[Result "1-0"]
[Date "2024.12.29"]
[WhiteElo "2385"]
[BlackElo "1957"]
[PlyCount "97"]
[GameId "2129543387029734"]
[EventDate "2024.12.26"]
[EventCountry "ESP"]
[SourceTitle "Ajedrez en Madrid"]
[Source "lmi"]
[SourceDate "2024.12.26"]
[SourceVersion "1"]
[SourceVersionDate "2025.01.11"]
[SourceQuality "1"]

1. d4 Nf6 2. c4 g6 3. Nc3 Bg7 4. e4 d6 5. h3 O-O 6. Be3 Nbd7 7. Nf3 e5 8. d5 Nc5 9. Nd2 a5 10. g4 Ne8 11. h4 f5 12. g5 c6 13. Qc2 Nc7 14. f3 N7a6 15. a3 Bd7 16. O-O-O cxd5 17. cxd5 Rc8 18. Kb1 Na4 19. Bxa6 bxa6 20. Ka2 Bb5 21. Qb3 Nxc3+ 22. bxc3 Qc7 23. c4 a4 24. Qb4 Bxc4+ 25. Nxc4 Qxc4+ 26. Qxc4 Rxc4 27. Rc1 Rxc1 28. Rxc1 fxe4 29. fxe4 Rf3 30. Rc8+ Bf8 31. Bb6 h5 32. gxh6 Kh7 33. Bd8 Kxh6 34. Bg5+ Kg7 35. Rc4 Rf2+ 36. Kb1 Kf7 37. Rxa4 Be7 38. Rxa6 Bxg5 39. hxg5 Re2 40. Rxd6 Rxe4 41. Rf6+ Kg7 42. Re6 Re3 43. Kb2 e4 44. a4 Rd3 45. d6 e3 46. Kc2 Rd2+ 47. Kc3 Rd1 48. Rxe3 Rxd6 49. Re5 1-0

[Event "13. Festival Ciudad de Lorca 2024 - A"]
[White "Pogorelov, Ruslan"]
[Black "Picazo Gonzalez, Alejandro"]
[Site "Lorca ESP"]
[Round "7.10"]
[Result "1/2-1/2"]
[Date "2024.12.29"]
[WhiteElo "2282"]
[BlackElo "1956"]
[PlyCount "121"]
[GameId "2129543604117751"]
[EventDate "2024.12.26"]
[EventCountry "ESP"]
[SourceTitle "Ajedrez en Madrid"]
[Source "lmi"]
[SourceDate "2024.12.26"]
[SourceVersion "1"]
[SourceVersionDate "2025.01.11"]
[SourceQuality "1"]

1. Nf3 d5 2. d4 e6 3. c4 Nf6 4. Nc3 Be7 5. Bf4 O-O 6. e3 b6 7. cxd5 Nxd5 8. Nxd5 Qxd5 9. a3 c5 10. dxc5 bxc5 11. Qc2 Bb7 12. Be2 Nd7 13. O-O g5 14. Rfd1 Qc6 15. Bxg5 Bxg5 16. Rxd7 Qxd7 17. Nxg5 f6 18. Rd1 Qg7 19. Nf3 Rad8 20. Rxd8 Rxd8 21. Qxc5 Rc8 22. Qxa7 Rc1+ 23. Bf1 Qc7 24. h3 Qc6 25. Qb8+ Kf7 26. Qf4 Rxf1+ 27. Kxf1 Qc1+ 28. Ne1 Ba6+ 29. Kg1 Qxe1+ 30. Kh2 Qc1 31. Qb8 Qc6 32. f3 h5 33. b4 Bb5 34. Qh8 Qd6+ 35. f4 Be2 36. Qh7+ Kf8 37. Qc2 Qd3 38. Qxd3 Bxd3 39. Kg3 Kg7 40. Kh4 Kg6 41. g4 hxg4 42. hxg4 Bb5 43. Kg3 Bc6 44. Kf2 e5 45. Ke2 Bb5+ 46. Kd2 exf4 47. exf4 Bd7 48. Ke3 Bxg4 49. b5 Bc8 50. a4 Kf5 51. a5 Ke6 52. Kd4 Kd6 53. Kc4 Bb7 54. Kb4 Bf3 55. a6 Kc7 56. Kc5 f5 57. b6+ Kb8 58. Kd6 Be2 59. Ke5 Bxa6 60. Kxf5 Bd3+ 61. Ke5 1/2-1/2

[Event "13. Festival Ciudad de Lorca 2024 - A"]
[White "Carrascoso Morales, Abel"]
[Black "Collado Alcolado, Angel"]
[Site "Lorca ESP"]
[Round "7.11"]
[Result "1/2-1/2"]
[Date "2024.12.29"]
[WhiteElo "2182"]
[BlackElo "2061"]
[PlyCount "114"]
[GameId "2132923649655507"]
[EventDate "2024.12.26"]
[EventCountry "ESP"]
[SourceTitle "Ajedrez en Madrid"]
[Source "lmi"]
[SourceDate "2024.12.26"]
[SourceVersion "1"]
[SourceVersionDate "2025.01.11"]
[SourceQuality "1"]

1. d4 d5 2. c4 e6 3. g3 Nf6 4. Nf3 Be7 5. Bg2 O-O 6. O-O dxc4 7. Qa4 a6 8. Qxc4 b5 9. Qc2 Bb7 10. Bf4 Bd6 11. Bg5 Nbd7 12. Rd1 h6 13. Bxf6 Nxf6 14. Ne5 Bxg2 15. Kxg2 Nd5 16. e4 Ne7 17. Nd3 Ng6 18. Nd2 e5 19. dxe5 Nxe5 20. Nxe5 Bxe5 21. Nf3 Qe7 22. Rd5 Bd6 23. Nd4 Rfe8 24. Re1 Qf6 25. Qc6 Be5 26. Qxf6 gxf6 27. b4 Bxd4 28. Rxd4 Red8 29. Red1 Rxd4 30. Rxd4 a5 31. a3 axb4 32. axb4 Ra4 33. Kf3 Kg7 34. h4 c5 35. Rd5 Rxb4 36. Rxc5 Rb1 37. Kf4 b4 38. Rb5 b3 39. Kf5 b2 40. Rb8 h5 41. Rb7 Ra1 42. Rxb2 Ra5+ 43. Kf4 Kg6 44. Rb6 Rc5 45. f3 Ra5 46. Rb8 Kg7 47. Rd8 Ra1 48. Rd5 Kg6 49. Rd6 Re1 50. Ra6 Re2 51. g4 hxg4 52. fxg4 Kg7 53. h5 Re1 54. h6+ Kg6 55. e5 Rxe5 56. h7 Kxh7 57. Rxf6 Re7 1/2-1/2

[Event "13. Festival Ciudad de Lorca 2024 - A"]
[White "Perez Epinin, Gines"]
[Black "Alvarez Morales, Miguel"]
[Site "Lorca ESP"]
[Round "7.12"]
[Result "1/2-1/2"]
[Date "2024.12.29"]
[WhiteElo "2052"]
[BlackElo "2065"]
[PlyCount "203"]
[GameId "2132923649659604"]
[EventDate "2024.12.26"]
[EventCountry "ESP"]
[SourceTitle "Ajedrez en Madrid"]
[Source "lmi"]
[SourceDate "2024.12.26"]
[SourceVersion "1"]
[SourceVersionDate "2025.01.11"]
[SourceQuality "1"]

1. d4 Nf6 2. c4 e6 3. g3 c5 4. d5 exd5 5. cxd5 d6 6. Nc3 g6 7. Bg2 Bg7 8. Nf3 O-O 9. O-O Re8 10. Bf4 Ne4 11. Nxe4 Rxe4 12. Nd2 Rxf4 13. gxf4 Bxb2 14. Rb1 Bg7 15. Nc4 b5 16. Rxb5 Ba6 17. Qa4 Bxb5 18. Qxb5 Bf8 19. Bh3 f5 20. e4 Nd7 21. exf5 Rb8 22. Qc6 Rb4 23. Ne3 Rxf4 24. fxg6 Ne5 25. gxh7+ Kh8 26. Qc8 Nf3+ 27. Kh1 Qxc8 28. Bxc8 Kxh7 29. Rb1 Nh4 30. Kg1 Ra4 31. Rb2 Bg7 32. Rc2 Nf3+ 33. Kf1 Nd4 34. Rd2 Be5 35. h3 c4 36. Bd7 Rb4 37. Nc2 Nxc2 38. Rxc2 Kg6 39. Ke2 c3 40. Ke3 Bf4+ 41. Kd3 Bd2 42. a4 a5 43. Ra2 Kf6 44. Ra1 Ke5 45. Bc6 Rf4 46. Ke2 Kd4 47. Ra2 Re4+ 48. Kd1 Re1+ 49. Kc2 Kc4 50. Bb5+ Kb4 51. Kd3 Rh1 52. Kc2 Kc5 53. Bd3 Kd4 54. Be2 Re1 55. Bg4 Kc4 56. Bd1 Kxd5 57. Ra1 Kc4 58. Rb1 d5 59. Rb8 d4 60. Rc8+ Kb4 61. Rd8 Kxa4 62. Rxd4+ Kb5 63. Rd8 Rh1 64. Be2+ Kb4 65. Rb8+ Kc5 66. Rb5+ Kd4 67. Bd1 Rh2 68. Rxa5 Rxf2 69. Ra8 Be3+ 70. Kb1 Rb2+ 71. Ka1 c2 72. Rd8+ Ke4 73. Bxc2+ Rxc2 74. Kb1 Rh2 75. Rd7 Bd4 76. Rd8 Kd3 77. Rg8 Rb2+ 78. Kc1 Ra2 79. Rg3+ Be3+ 80. Kb1 Ra6 81. Kb2 Rb6+ 82. Ka3 Kd4 83. h4 Bf2 84. Rg8 Kc4 85. Rc8+ Bc5+ 86. Ka2 Rb5 87. Rg8 Kc3 88. Rg3+ Kc2 89. Rg2+ Kc1 90. h5 Be3 91. Ka3 Bd2 92. Ka4 Rxh5 93. Kb3 Ra5 94. Kc4 Kc2 95. Rg4 Ra3 96. Kd5 Be3 97. Rb4 Kc3 98. Rb1 Ra4 99. Rb7 Rh4 100. Rb1 Bd2 101. Rb7 Kd3 102. Rb3+ 1/2-1/2

[Event "13. Festival Ciudad de Lorca 2024 - A"]
[White "Fondrat, Johan"]
[Black "Shah, Jeet"]
[Site "Lorca ESP"]
[Round "7.13"]
[Result "1/2-1/2"]
[Date "2024.12.29"]
[WhiteElo "2054"]
[BlackElo "2052"]
[PlyCount "49"]
[GameId "2132923649659605"]
[EventDate "2024.12.26"]
[EventCountry "ESP"]
[SourceTitle "Ajedrez en Madrid"]
[Source "lmi"]
[SourceDate "2024.12.26"]
[SourceVersion "1"]
[SourceVersionDate "2025.01.11"]
[SourceQuality "1"]

1. d4 Nf6 2. c4 e6 3. Nf3 d5 4. g3 Be7 5. Bg2 O-O 6. O-O dxc4 7. Nbd2 b5 8. a4 c6 9. Ne5 Nd5 10. e4 Nb4 11. Nb1 Nd7 12. Ng4 Bb7 13. h4 Nd3 14. e5 a6 15. Nc3 f5 16. exf6 Nxf6 17. Qe2 Qxd4 18. Qxe6+ Rf7 19. Bxc6 Bxc6 20. Qxc6 Rd8 21. Ne3 b4 22. Ne2 Qc5 23. Qxa6 Ne4 24. Qxc4 Nexf2 25. Nf4 1/2-1/2

[Event "13. Festival Ciudad de Lorca 2024 - A"]
[White "Bartakke, Amardeep S."]
[Black "Vinuesa Sorli, Ruben"]
[Site "Lorca ESP"]
[Round "7.14"]
[Result "1-0"]
[Date "2024.12.29"]
[WhiteElo "1965"]
[BlackElo "2291"]
[PlyCount "143"]
[GameId "2132923649659606"]
[EventDate "2024.12.26"]
[EventCountry "ESP"]
[SourceTitle "Ajedrez en Madrid"]
[Source "lmi"]
[SourceDate "2024.12.26"]
[SourceVersion "1"]
[SourceVersionDate "2025.01.11"]
[SourceQuality "1"]

1. e4 e5 2. Nf3 Nc6 3. Bb5 a6 4. Ba4 d6 5. Bxc6+ bxc6 6. d4 f6 7. Nc3 Ne7 8. Be3 Ng6 9. Qe2 Be6 10. O-O-O Qb8 11. d5 Bd7 12. dxc6 Bxc6 13. Qc4 Qb7 14. Nd2 a5 15. a4 Be7 16. Nb3 Qa6 17. Nb5 Bxb5 18. axb5 Qb7 19. Qa4 O-O 20. Nxa5 Qc8 21. Qc4+ Kh8 22. b4 f5 23. exf5 Qxf5 24. f3 Bg5 25. Bxg5 Qxg5+ 26. Rd2 d5 27. h4 Qf6 28. Rxd5 Nf4 29. Rc5 e4 30. Kb1 e3 31. g3 Ne6 32. Rc6 Qxf3 33. Rc1 Nd8 34. Rxc7 Re8 35. Rf1 Qxg3 36. Re7 Nb7 37. Rxe8+ Rxe8 38. Qe4 Qb8 39. Qxb7 e2 40. Re1 Qd6 41. Qh1 Qxb4+ 42. Nb3 Qxb5 43. Qf3 h6 44. Kc1 Qb4 45. Rxe2 Rxe2 46. Qxe2 Qxh4 47. Qe5 Kh7 48. Nc5 Qh1+ 49. Kb2 g5 50. Qf5+ Kg8 51. Qg6+ Kf8 52. Qf6+ Kg8 53. Qe6+ Kg7 54. Ne4 Qf3 55. c4 Qe3 56. Qf6+ Kh7 57. Qf7+ Kh8 58. Nf6 Qd4+ 59. Kc2 Qf2+ 60. Kd3 Qg3+ 61. Ke4 Qf4+ 62. Kd5 Qf3+ 63. Kd6 Qf4+ 64. Kd7 Qd4+ 65. Ke8 Qe5+ 66. Qe7 Qb8+ 67. Kf7 g4 68. Kg6 Qb1+ 69. Kxh6 Qc1+ 70. Kg6 Qb1+ 71. Qe4 Qb8 72. Qh1+ 1-0

[Event "13. Festival Ciudad de Lorca 2024 - A"]
[White "Peschardt, Soren"]
[Black "Piccoli, Lucas Fonseca"]
[Site "Lorca ESP"]
[Round "7.15"]
[Result "0-1"]
[Date "2024.12.29"]
[WhiteElo "1895"]
[BlackElo "2270"]
[PlyCount "128"]
[GameId "2132923649659607"]
[EventDate "2024.12.26"]
[EventCountry "ESP"]
[SourceTitle "Ajedrez en Madrid"]
[Source "lmi"]
[SourceDate "2024.12.26"]
[SourceVersion "1"]
[SourceVersionDate "2025.01.11"]
[SourceQuality "1"]

1. d4 Nf6 2. Nf3 e6 3. Bf4 c5 4. c3 Nc6 5. e3 Nh5 6. Bg3 Qb6 7. Qb3 Qxb3 8. axb3 Nxg3 9. hxg3 d6 10. Nbd2 Be7 11. Bd3 h6 12. Nc4 Rb8 13. dxc5 dxc5 14. Nce5 Nxe5 15. Nxe5 a6 16. O-O-O Bd6 17. Nf3 Bc7 18. Rh5 b6 19. Rdh1 Bb7 20. g4 Rg8 21. g5 hxg5 22. Rxg5 Bd8 23. Rgh5 Bf6 24. R1h2 Rd8 25. Kc2 Ke7 26. Nd2 g6 27. Rh7 b5 28. c4 b4 29. Ne4 Bxe4 30. Bxe4 Bg7 31. Rh1 f5 32. Bf3 Kf6 33. Ra1 Rd6 34. Rhh1 g5 35. Rhd1 Rxd1 36. Bxd1 Ra8 37. Ra5 Bf8 38. Bf3 Ra7 39. Bc6 f4 40. exf4 gxf4 41. Bb5 f3 42. gxf3 Rg7 43. Rxa6 Rg2 44. Bd7 Rxf2+ 45. Kd1 Ke7 46. Bxe6 Rxb2 47. Bd5 Rxb3 48. Ra7+ Kd6 49. Ra6+ Ke5 50. Kc2 Rc3+ 51. Kb1 Kd4 52. Ra2 Bh6 53. Rc2 Rd3 54. Kb2 Ke3 55. Rg2 Bf4 56. Rc2 Be5+ 57. Kb1 Rb3+ 58. Kc1 Ra3 59. Kd1 Ra1+ 60. Rc1 Ra2 61. Rb1 Bc3 62. Rb3 Rf2 63. Be4 Kd4 64. Bd5 Kd3 0-1

[Event "13. Festival Ciudad de Lorca 2024 - A"]
[White "Valdats, Reinis"]
[Black "Medhvansh, Madeti"]
[Site "Lorca ESP"]
[Round "7.16"]
[Result "1-0"]
[Date "2024.12.29"]
[WhiteElo "2176"]
[BlackElo "1879"]
[PlyCount "77"]
[GameId "2132923649659608"]
[EventDate "2024.12.26"]
[EventCountry "ESP"]
[SourceTitle "Ajedrez en Madrid"]
[Source "lmi"]
[SourceDate "2024.12.26"]
[SourceVersion "1"]
[SourceVersionDate "2025.01.11"]
[SourceQuality "1"]

1. e4 e5 2. Nf3 Nc6 3. Bb5 a6 4. Ba4 Nf6 5. d3 b5 6. Bb3 Bc5 7. a4 Rb8 8. axb5 axb5 9. O-O d6 10. c3 O-O 11. Bg5 h6 12. Bh4 g5 13. Bg3 Bg4 14. Nbd2 Nh5 15. Kh1 Kg7 16. h3 Nxg3+ 17. fxg3 Bh5 18. g4 Bg6 19. Ng1 Rh8 20. Ne2 b4 21. Ng3 bxc3 22. bxc3 Be3 23. Nf5+ Bxf5 24. Rxf5 f6 25. Nf1 Bf4 26. g3 Ne7 27. gxf4 Nxf5 28. gxf5 exf4 29. Nd2 Ra8 30. Rb1 h5 31. Bd5 Rb8 32. Nb3 c5 33. Ra1 Qc7 34. Ra2 Rh7 35. Qa1 Kh8 36. Ra8 Qb6 37. Qa5 Kg7 38. Qxb6 Rxb6 39. Rg8+ 1-0

[Event "13. Festival Ciudad de Lorca 2024 - A"]
[White "Leiva Raya, Nicolas"]
[Black "Fernandez Bustamante, Leancy B."]
[Site "Lorca ESP"]
[Round "7.17"]
[Result "0-1"]
[Date "2024.12.29"]
[WhiteElo "1891"]
[BlackElo "2129"]
[PlyCount "58"]
[GameId "2132923649659609"]
[EventDate "2024.12.26"]
[EventCountry "ESP"]
[SourceTitle "Ajedrez en Madrid"]
[Source "lmi"]
[SourceDate "2024.12.26"]
[SourceVersion "1"]
[SourceVersionDate "2025.01.11"]
[SourceQuality "1"]

1. d4 e5 2. c3 e4 3. Bf4 d5 4. e3 Nf6 5. c4 Bb4+ 6. Nc3 O-O 7. Rc1 c6 8. h3 Nbd7 9. Nge2 dxc4 10. g4 Nd5 11. Bg3 Qa5 12. a3 Bxc3+ 13. Nxc3 Nxc3 14. Rxc3 Nb6 15. Bc7 Be6 16. Qd2 Qa4 17. Bg3 Rad8 18. Bg2 Nd5 19. Bxe4 Nxc3 20. Qxc3 Qb3 21. Qc1 f5 22. Bc2 Qb5 23. Qb1 Qd5 24. Rg1 c5 25. gxf5 cxd4 26. Be4 Qa5+ 27. Kf1 Bxf5 28. exd4 Rxd4 29. Bxf5 Rxf5 0-1

[Event "13. Festival Ciudad de Lorca 2024 - A"]
[White "Boricha, Yohan"]
[Black "Hanache, Kai"]
[Site "Lorca ESP"]
[Round "7.18"]
[Result "1-0"]
[Date "2024.12.29"]
[WhiteElo "1888"]
[BlackElo "2080"]
[PlyCount "90"]
[GameId "2132923649663706"]
[EventDate "2024.12.26"]
[EventCountry "ESP"]
[SourceTitle "Ajedrez en Madrid"]
[Source "lmi"]
[SourceDate "2024.12.26"]
[SourceVersion "1"]
[SourceVersionDate "2025.01.11"]
[SourceQuality "1"]

1. d4 Nf6 2. c4 g6 3. Nc3 d5 4. Nf3 Bg7 5. Qb3 dxc4 6. Qxc4 O-O 7. e4 Nc6 8. Be2 e5 9. d5 Nd4 10. Nxd4 exd4 11. Qxd4 c6 12. Qc4 cxd5 13. exd5 Bf5 14. O-O Rc8 15. Qb3 Ne4 16. Nxe4 Bxe4 17. Qxb7 Qxd5 18. Qxd5 Bxd5 19. a4 Rb8 20. Bb5 Rb7 21. Ra3 Rc7 22. Rd3 Bc4 23. Bxc4 Rxc4 24. b3 Rd4 25. Rfd1 Rc8 26. Be3 Rxd3 27. Rxd3 Bf6 28. g3 Rc7 29. Rd6 Kg7 30. Ra6 Rb7 31. Rxa7 Rxb3 32. Ra8 Rd3 33. a5 h5 34. a6 h4 35. a7 g5 36. Rc8 h3 37. Kf1 Ra3 38. a8=Q Ra1+ 39. Qxa1 Bxa1 40. Rd8 Kf6 41. Bd4+ Ke7 42. Bxa1 Kxd8 43. Bf6+ Kd7 44. Bxg5 Ke6 45. Ke2 Kf5 1-0

[Event "13. Festival Ciudad de Lorca 2024 - A"]
[White "Borre Meza, Orlando David"]
[Black "Sala Esquiva, Miguel"]
[Site "Lorca ESP"]
[Round "7.19"]
[Result "1-0"]
[Date "2024.12.29"]
[WhiteElo "1875"]
[BlackElo "2015"]
[PlyCount "75"]
[GameId "2132923649663707"]
[EventDate "2024.12.26"]
[EventCountry "ESP"]
[SourceTitle "Ajedrez en Madrid"]
[Source "lmi"]
[SourceDate "2024.12.26"]
[SourceVersion "1"]
[SourceVersionDate "2025.01.11"]
[SourceQuality "1"]

1. d4 Nf6 2. c4 e5 3. dxe5 Ng4 4. Bf4 Nc6 5. Nf3 Bb4+ 6. Nc3 Bxc3+ 7. bxc3 Qe7 8. Qd5 f6 9. exf6 Nxf6 10. Qd1 d6 11. e3 Ne4 12. Bd3 b6 13. Qc2 Nf6 14. Bg5 Bb7 15. Bxf6 gxf6 16. O-O-O O-O-O 17. Rhg1 Kb8 18. Bf5 Na5 19. Rd4 Rhg8 20. Bxh7 Bxf3 21. Bxg8 Rxg8 22. g3 Rg5 23. Rf4 Bh5 24. g4 Bg6 25. Qe2 Rc5 26. h4 Bf7 27. h5 Bxc4 28. Qc2 Qe6 29. h6 Bd3 30. Qxd3 Qxa2 31. h7 Qa3+ 32. Kd2 Qa2+ 33. Ke1 Qa1+ 34. Ke2 Qxg1 35. h8=Q+ Kb7 36. Qe4+ d5 37. Qe6 Rxc3 38. Qhc8# 1-0

[Event "13. Festival Ciudad de Lorca 2024 - A"]
[White "Guirado Castillo, Pablo"]
[Black "Navarro Cabrera, Carlos"]
[Site "Lorca ESP"]
[Round "7.20"]
[Result "0-1"]
[Date "2024.12.29"]
[WhiteElo "1698"]
[BlackElo "2003"]
[PlyCount "69"]
[GameId "2132923649663708"]
[EventDate "2024.12.26"]
[EventCountry "ESP"]
[SourceTitle "Ajedrez en Madrid"]
[Source "lmi"]
[SourceDate "2024.12.26"]
[SourceVersion "1"]
[SourceVersionDate "2025.01.11"]
[SourceQuality "1"]

1. d4 Nf6 2. Nf3 g6 3. Nc3 d5 4. Bf4 c6 5. Qd2 Nbd7 6. O-O-O b5 7. Ne5 Qb6 8. f3 a5 9. Bh6 a4 10. Bxf8 Nxf8 11. e4 b4 12. Nxc6 bxc3 13. Qxc3 Bb7 14. Ne5 Rc8 15. Qa3 Qa5 16. Bd3 Ne6 17. b4 Qc7 18. Bb5+ Kf8 19. Bxa4 dxe4 20. Ng4 exf3 21. Nxf6 Qf4+ 22. Kb1 Qxf6 23. gxf3 Qxf3 24. Bb3 Bd5 25. Rhf1 Qc3 26. Qa5 Bxb3 27. cxb3 Qc2+ 28. Ka1 Qxh2 29. Rde1 Nxd4 30. Rxe7 Nc2+ 31. Kb1 Kxe7 32. Qg5+ Ke8 33. Qf6 Rf8 34. Rf2 Na3+ 35. Kb2 0-1

[Event "13. Festival Ciudad de Lorca 2024 - A"]
[White "Yu, Zechen"]
[Black "Mendez Gimenez, Nestor Emmanuel"]
[Site "Lorca ESP"]
[Round "7.21"]
[Result "1/2-1/2"]
[Date "2024.12.29"]
[WhiteElo "2003"]
[BlackElo "1893"]
[PlyCount "73"]
[GameId "2132923649663709"]
[EventDate "2024.12.26"]
[EventCountry "ESP"]
[SourceTitle "Ajedrez en Madrid"]
[Source "lmi"]
[SourceDate "2024.12.26"]
[SourceVersion "1"]
[SourceVersionDate "2025.01.11"]
[SourceQuality "1"]

1. e4 c5 2. Nf3 g6 3. c3 Bg7 4. d4 cxd4 5. cxd4 d5 6. e5 Nc6 7. Nc3 Bg4 8. Bb5 Nh6 9. h3 Bxf3 10. Qxf3 Nf5 11. Qd3 f6 12. O-O O-O 13. Bxc6 bxc6 14. b3 e6 15. Ba3 Re8 16. f4 fxe5 17. fxe5 Qh4 18. Ne2 Bf8 19. Bxf8 Rxf8 20. Rac1 Rac8 21. Kh2 Qg5 22. Nf4 Qe7 23. Rc5 Nxd4 24. Qxd4 g5 25. b4 gxf4 26. Rxf4 Rxf4 27. Qxf4 Qg7 28. Qf3 Kh8 29. Rc2 Rg8 30. a3 Qg6 31. Rf2 Qg5 32. Qc3 h5 33. Kg1 Qg3 34. Qd2 Qg5 35. Qc3 Qg3 36. Qc1 Qg5 37. Qc3 1/2-1/2

[Event "13. Festival Ciudad de Lorca 2024 - A"]
[White "Bryant, Harry"]
[Black "Pastor Villalba, Arturo"]
[Site "Lorca ESP"]
[Round "7.22"]
[Result "0-1"]
[Date "2024.12.29"]
[WhiteElo "1971"]
[BlackElo "1891"]
[PlyCount "90"]
[GameId "2132923649663710"]
[EventDate "2024.12.26"]
[EventCountry "ESP"]
[SourceTitle "Ajedrez en Madrid"]
[Source "lmi"]
[SourceDate "2024.12.26"]
[SourceVersion "1"]
[SourceVersionDate "2025.01.11"]
[SourceQuality "1"]

1. e4 d6 2. d4 Nf6 3. Nc3 e5 4. Nf3 Nbd7 5. Rg1 g6 6. g4 Bg7 7. Be3 O-O 8. g5 Nh5 9. Be2 Nb6 10. Qd2 Be6 11. d5 Bd7 12. Nh4 Nf4 13. Bxf4 exf4 14. Qxf4 f6 15. Nf3 f5 16. O-O-O Qe7 17. exf5 Bxc3 18. bxc3 Qxe2 19. f6 Qc4 20. Rd4 Qxc3 21. Re1 Bf5 22. Re2 Rfe8 23. Rde4 Rxe4 24. Rxe4 Nxd5 25. Qh4 Bxe4 26. Qxe4 Qa3+ 27. Kd2 Qb4+ 28. Qxb4 Nxb4 29. Nd4 Re8 30. h4 c5 31. Nb5 a6 32. f7+ Kxf7 33. Nxd6+ Ke7 34. Nxe8 Kxe8 35. a3 Nc6 36. Kd3 Kd7 37. f4 Ne7 38. Ke4 Ke6 39. a4 b5 40. axb5 axb5 41. c3 Nd5 42. h5 Nxc3+ 43. Kd3 Nd5 44. Ke4 b4 45. h6 Nxf4 0-1

[Event "13. Festival Ciudad de Lorca 2024 - A"]
[White "Cano Mateos, Pablo"]
[Black "Lazars, Krisjanis"]
[Site "Lorca ESP"]
[Round "7.23"]
[Result "1-0"]
[Date "2024.12.29"]
[WhiteElo "2067"]
[BlackElo "1858"]
[PlyCount "85"]
[GameId "2132923649663711"]
[EventDate "2024.12.26"]
[EventCountry "ESP"]
[SourceTitle "Ajedrez en Madrid"]
[Source "lmi"]
[SourceDate "2024.12.26"]
[SourceVersion "1"]
[SourceVersionDate "2025.01.11"]
[SourceQuality "1"]

1. e4 c5 2. Nc3 Nc6 3. Bb5 Qc7 4. Nf3 e6 5. Bxc6 bxc6 6. O-O d5 7. Re1 d4 8. Nb1 e5 9. d3 Bd6 10. Nbd2 Ne7 11. Nc4 Ba6 12. Nxd6+ Qxd6 13. b3 Nc8 14. Qd2 Nb6 15. Qg5 Nd7 16. Qxg7 O-O-O 17. Nh4 Qe6 18. Nf5 Rdg8 19. Qxf7 Re8 20. Qxe6 Rxe6 21. f4 Rg8 22. Bd2 Kd8 23. Kf2 Bc8 24. Ba5+ Ke8 25. Bc7 Nf6 26. Bxe5 Ng4+ 27. Kg1 Nxe5 28. fxe5 Rxe5 29. Nd6+ Ke7 30. Nxc8+ Rxc8 31. Rf1 c4 32. Rf3 c3 33. Raf1 Kd6 34. Rf7 c5 35. Rxa7 Rc6 36. Rf6+ Re6 37. Rxe6+ Kxe6 38. Rxh7 c4 39. bxc4 Ke5 40. Rh5+ Kf4 41. Kf2 Ra6 42. h3 Ra3 43. Rf5# 1-0

[Event "13. Festival Ciudad de Lorca 2024 - A"]
[White "Beneyto De Ramon, Guillermo"]
[Black "Escudero Ribo, Eloi"]
[Site "Lorca ESP"]
[Round "7.24"]
[Result "0-1"]
[Date "2024.12.29"]
[WhiteElo "2034"]
[BlackElo "1903"]
[PlyCount "124"]
[GameId "2132923649663712"]
[EventDate "2024.12.26"]
[EventCountry "ESP"]
[SourceTitle "Ajedrez en Madrid"]
[Source "lmi"]
[SourceDate "2024.12.26"]
[SourceVersion "1"]
[SourceVersionDate "2025.01.11"]
[SourceQuality "1"]

1. d4 Nf6 2. c4 g6 3. Nc3 d5 4. cxd5 Nxd5 5. e4 Nxc3 6. bxc3 Bg7 7. Nf3 c5 8. Bb5+ Nc6 9. d5 Bxc3+ 10. Bd2 Qa5 11. Rb1 a6 12. Bxc6+ bxc6 13. O-O Bxd2 14. Nxd2 O-O 15. Nc4 Qc7 16. dxc6 Qxc6 17. Nb6 Ra7 18. Qd5 Qxd5 19. Nxd5 Be6 20. Rfc1 Bxd5 21. exd5 Rc8 22. Rb6 c4 23. Rc6 Rxc6 24. dxc6 Rc7 25. Rxc4 e6 26. g3 Kf8 27. h4 Ke7 28. Rb4 Rxc6 29. Rb7+ Kf6 30. Ra7 e5 31. Kg2 e4 32. Kg1 h6 33. Rb7 Ke6 34. Rb2 Kd5 35. Kf1 g5 36. hxg5 hxg5 37. Ke2 f5 38. Kd2 Ke5 39. Rb8 Rc5 40. Rb3 a5 41. Rb8 Kd4 42. Rb3 Rc4 43. Rb5 Ra4 44. Rb2 Ra3 45. Rc2 Rd3+ 46. Ke2 Rc3 47. Rb2 Ra3 48. Kd2 e3+ 49. fxe3+ Rxe3 50. Rb5 Rxg3 51. Rxf5 a4 52. Ra5 Rg2+ 53. Ke1 Ke3 54. Kd1 g4 55. Rxa4 Rg1+ 56. Kc2 g3 57. Ra8 g2 58. Rg8 Ra1 59. a4 g1=Q 60. Rxg1 Rxg1 61. Kc3 Rg4 62. a5 Ra4 0-1

[Event "13. Festival Ciudad de Lorca 2024 - A"]
[White "Adarsh, D."]
[Black "Jansone, Melanija Luize"]
[Site "Lorca ESP"]
[Round "7.25"]
[Result "1/2-1/2"]
[Date "2024.12.29"]
[WhiteElo "1987"]
[BlackElo "1885"]
[PlyCount "98"]
[GameId "2132923649667809"]
[EventDate "2024.12.26"]
[EventCountry "ESP"]
[SourceTitle "Ajedrez en Madrid"]
[Source "lmi"]
[SourceDate "2024.12.26"]
[SourceVersion "1"]
[SourceVersionDate "2025.01.11"]
[SourceQuality "1"]

1. e4 d6 2. d4 Nf6 3. Nc3 g6 4. Nf3 Bg7 5. Be2 c6 6. O-O O-O 7. h3 Qc7 8. a4 e5 9. dxe5 dxe5 10. Be3 Qe7 11. Qc1 Nbd7 12. Bg5 Nc5 13. Bh4 Qc7 14. Qe3 Ne6 15. Bxf6 Bxf6 16. Bc4 Nd4 17. Nxd4 exd4 18. Qf3 Qe5 19. Ne2 Be6 20. Bd3 Bg7 21. Qg3 Qc5 22. f4 Bc4 23. f5 Bxd3 24. Qxd3 Qe5 25. Rae1 Rad8 26. Nf4 Bh6 27. g3 Rfe8 28. Re2 a6 29. fxg6 hxg6 30. Qf3 Bxf4 31. gxf4 Qf6 32. Kh1 Kg7 33. Rg1 Rh8 34. Rg3 Rh4 35. f5 Re8 36. Kg2 b5 37. axb5 axb5 38. Rg4 Rxg4+ 39. hxg4 Qe5 40. Qg3 f6 41. Kf3 Qxg3+ 42. Kxg3 Re5 43. Kf3 Rc5 44. Rd2 Rc4 45. Ke2 gxf5 46. gxf5 Kf7 47. Kd3 c5 48. Rd1 Ra4 49. b3 Ra3 1/2-1/2